Healthcare sector offers cure for falling returns (Record no. 77239)
[ view plain ]
| 000 -LEADER | |
|---|---|
| fixed length control field | 00952cab a2200193 4500 |
| 001 - CONTROL NUMBER | |
| control field | ##L133873 |
| 008 - FIXED-LENGTH DATA ELEMENTS--GENERAL INFORMATION | |
| fixed length control field | 060614n2006 000 0 eng u |
| 035 ## - SYSTEM CONTROL NUMBER | |
| System control number | (Sirsi) u133873 |
| 041 0# - LANGUAGE CODE | |
| Language code of text/sound track or separate title | eng |
| 245 00 - TITLE STATEMENT | |
| Title | Healthcare sector offers cure for falling returns |
| 260 ## - PUBLICATION, DISTRIBUTION, ETC. | |
| Date of publication, distribution, etc. | 2006 |
| 490 #0 - SERIES STATEMENT | |
| Series statement | EuroProperty |
| Volume/sequential designation | June 2006, 16(1) |
| 520 ## - SUMMARY, ETC. | |
| Summary, etc. | Reports on indications that healthcare property is starting to prove attractive to investors, compared with the poor yields currently obtaining in traditional asset classes. The long leases and strong government credit behind healthcare property are cited as plus points, though there is risk from the unpredictable nature of legislation. Considers that this could be a long-term trend. |
| 590 ## - LOCAL NOTE (RLIN) | |
| Local note | IKA200606 |
| 651 #4 - SUBJECT ADDED ENTRY--GEOGRAPHIC NAME | |
| Geographic name | EUROPE |
| 690 ## - LOCAL SUBJECT ADDED ENTRY--TOPICAL TERM (OCLC, RLIN) | |
| Topical term or geographic name as entry element | PROPERTY-OTHER PROPERTY TYPES-HEALTHCARE AND WELFARE PROPERTY |
| 690 ## - LOCAL SUBJECT ADDED ENTRY--TOPICAL TERM (OCLC, RLIN) | |
| Topical term or geographic name as entry element | PROPERTY-PROPERTY FINANCE AND INVESTMENT-PROPERTY INVESTMENT MANAGEMENT |
| 942 ## - ADDED ENTRY ELEMENTS (KOHA) | |
| Suppress in OPAC | 0 |
| Withdrawn status | Lost status | Source of classification or shelving scheme | Damaged status | Not for loan | Home library | Current library | Shelving location | Date acquired | Total Checkouts | Full call number | Barcode | Date last seen | Copy number | Price effective from | Koha item type |
|---|---|---|---|---|---|---|---|---|---|---|---|---|---|---|---|
| Dewey Decimal Classification | London | London | Journal article | 14/06/2006 | L133873 | 133873-1001 | 06/08/2019 | 1 | 06/08/2019 | Journal article |